000 00792nam a2200169 a 4500
008 120416s1989 ||||||||||||||||| || u
020 _a0074518194
050 _aTA 170 Pan
100 _aPandey
245 1 0 _aEnvironmental engineering
260 _aNew Delhi
_bTata McGraw-Hill
_c1989
300 _aii, 455p. : ill
350 _a0.00
995 _aBINDERY (DAMAGED)
_D0.00
_e724408
_FCBU-MAIN LIBRARY (Kitwe)
_H3
_I150.00
_jTA 170 Pan
_M1
_UDAMAGED
_y014539
_ZMain Library Open Access Collection
995 _aBINDERY (DAMAGED)
_D0.00
_e724409
_FCBU-MAIN LIBRARY (Kitwe)
_H2
_I150.00
_jTA 170 Pan
_M3
_UDAMAGED
_y014541
_ZMain Library Open Access Collection
995 _aBINDERY (DAMAGED)
_D0.00
_e724410
_FCBU-MAIN LIBRARY (Kitwe)
_H1
_I150.00
_jTA 170 Pan
_M2
_UDAMAGED
_y014540
_ZMain Library Open Access Collection
999 _c62735
_d62735